Hacia la justicia

Guardado en:
Detalles Bibliográficos
Autor principal: García San Miguel Rodríguez Arango, Luis (Autor)
Formato: Libro
Lenguaje:español
Publicado: Madrid Tecnos 1993
Materias:
Etiquetas: Agregar Etiqueta
Sin Etiquetas, Sea el primero en etiquetar este registro!

MARC

LEADER 00000nam a2200000 a 4500
001 UCX9106
003 CL-VaPUC
005 20220509104106.0
008 940516e19930000SP |||||||||||||||||spa|d
999 |c 228434  |d 228432 
040 |c Pontificia Universidad Católica de Valparaíso 
082 0 4 |a 320.01  |b GAR  |2 21 
100 |a García San Miguel Rodríguez Arango, Luis  |e author  |9 339462 
245 1 0 |a Hacia la justicia 
260 |a Madrid  |b Tecnos  |c 1993 
300 |a 321 p 
583 |a last modification  |c 19940516 00:00:00  |k Rodrigo Vera 
600 |a Mounier, Emmanuel,  |d 1905-1950  |9 868965 
650 0 |a Justicia   |9 255408 
650 7 |a TEORIA POLITICA  |2 CL-VaPUC  |9 326411 
650 0 |a Pensamiento jurídico  |9 255517 
942 |c BK  |2 ddc 
945 |d 19940516 00:00:00  |a aalvarez 
952 |0 0  |1 0  |4 0  |6 320_010000000000000_GAR_1993  |7 0  |8 DER_TF  |9 228472  |a BIBDER  |b BIBDER  |d 2019-11-15  |i 298072K  |o 320.01 GAR 1993  |p 298072K  |r 2023-01-25  |w 2019-11-15  |x Ubicación 4to Piso  |y BK  |z Estos recursos deben solicitarse con anticipación  |k DER